Diario de guerra en la zona prohibida /
Guardado en:
| Autor Corporativo: | |
|---|---|
| Formato: | |
| Materias: | |
| Etiquetas: |
Agregar Etiqueta
Sin Etiquetas, Sea el primero en etiquetar este registro!
|
| LEADER | 00931ngm a22002415g 4500 | ||
|---|---|---|---|
| 001 | CEM.cems022702 | ||
| 008 | 130507b2005##################0###0#####d | ||
| 005 | 20241114145028.0 | ||
| 245 | 1 | 0 | |a Diario de guerra en la zona prohibida / |c National Geographic. |
| 300 | |a 48'. | ||
| 500 | |a En soporte VHS, consultar en ventanilla. | ||
| 505 | 0 | |a Afganistán. El régimen talibán. Corresponsales de guerra en la zona de conflicto. Guerra civil, hambre y enfermedades. La rutina en un campamento de combatientes. | |
| 538 | |a Soporte: VHS - Norma: Pal N - Color: Si - Grabación DRD 2005 - Hitachi=4350 | ||
| 110 | 2 | |a National Geographic. | |
| 082 | 9 | 4 | |/ AMB |
| 653 | |a HISTORIA | ||
| 653 | |a HISTORIA CONTEMPORANEA | ||
| 653 | |a MEDIO ORIENTE | ||
| 653 | |a AFGANISTAN | ||
| 653 | |a REGIMEN TALIBAN | ||
| 653 | |a NIVEL PRIMARIO | ||
| 653 | |a NIVEL SECUNDARIO | ||
| 859 | |a CEMS |b BIB. CEMS - Depto. Recursos Didacticos |h 947 |i AMB |k DRD |p 1345.12 |t Ej.1 | ||
